| 000 | 01267pam a2200277 a 4500 | ||
|---|---|---|---|
| 001 | 4889713 | ||
| 005 | 20250515160522.0 | ||
| 008 | 931005s1994 nyua b 001 0 eng | ||
| 020 | _a0898624789 (acidfree paper) | ||
| 050 | 0 | 0 |
_aHF5549 _b.H7823 1994 |
| 082 | 0 | 0 |
_a658.3 _220 |
| 245 | 0 | 0 |
_aHuman dilemmas in work organizations : _bstrategies for resolution / _cAbraham K. Korman and associates. |
| 260 |
_aNew York : _bGuilford, _cc1994. |
||
| 300 |
_axii, 292 p. : _bill. ; _c24 cm. |
||
| 440 | 4 | _aThe Professional practice series | |
| 500 | _a"A publication sponsored by the Society for Industrial and Organizational Psychology, Inc."--T.p. verso. | ||
| 650 | 0 |
_aPersonnel management _xCase studies. |
|
| 650 | 0 |
_aPsychology, Industrial _xCase studies. |
|
| 650 | 0 |
_aOrganizational change _xCase studies. |
|
| 700 | 1 |
_aKorman, Abraham K., _d1933- |
|
| 856 | 4 | 2 |
_3Contributor biographical information _uhttp://www.loc.gov/catdir/bios/guilford051/93039742.html |
| 856 | 4 | 2 |
_3Publisher description _uhttp://www.loc.gov/catdir/description/guilford051/93039742.html |
| 856 | 4 | 1 |
_3Table of contents _uhttp://www.loc.gov/catdir/toc/guilford041/93039742.html |
| 856 | 4 | 1 |
_3Sample text _uhttp://www.loc.gov/catdir/enhancements/fy0651/93039742-s.html |
| 942 |
_2lcc _cBK _n0 |
||
| 999 |
_c5792 _d5792 |
||